Сб. 6; Селевые потоки

Bibliographic Details
Parent link:Селевые потоки: [сборник статей]/ Казахский научно-исследовательский гидрометеорологический институт. Сб. 6.— , 1976-
Other Authors: Степанов Б. С. (редактор), Елистратова Г. П.
Language:Russian
Published: 1982
Subjects:
Format: Book
KOHA link:https://koha.lib.tpu.ru/cgi-bin/koha/opac-detail.pl?biblionumber=208241

MARC

LEADER 00000nam2a2200000 4500
001 208241
005 20231031191412.0
035 |a (RuTPU)RU\TPU\book\227318 
035 |a RU\TPU\book\227316 
090 |a 208241 
100 |a 20120201d1982 k y0rusy50 ca 
101 0 |a rus 
102 |a RU 
105 |a a z 001zy 
200 0 |a Сб. 6  |f под ред. Б. С. Степанова, Г. П. Елистратовой 
210 |d 1982 
215 |a 151 с.  |c ил. 
320 |a Библиогр. в конце ст. 
461 1 |0 (RuTPU)RU\TPU\book\226767  |t Селевые потоки  |o [сборник статей]  |f Казахский научно-исследовательский гидрометеорологический институт  |v Сб. 6  |d 1976- 
610 1 |a селевые потоки 
610 1 |a селезащитные сооружения 
675 |a 551.311.8  |v 3 
702 1 |a Степанов  |b Б. С.  |4 340 
702 1 |a Елистратова  |b Г. П.  |4 340 
801 1 |a RU  |b 63413507  |c 20120201 
801 2 |a RU  |b 63413507  |c 20160205  |g RCR 
942 |c BK